| 000 | 00477nam a2200121Ia 4500 | ||
|---|---|---|---|
| 008 | 220620s9999||||xx |||||||||||||| ||und|| | ||
| 245 | 0 |
_aUndoing Homogeneity in the Nordic Region _bMigration, Difference and the Politics of Solidarity |
|
| 546 | _aEnglish[eng] | ||
| 650 | _aHomogeneity||Nordic | ||
| 700 | _aKeskinen, Suvi||Skaptadóttir, Unnur DÃs||Toivanen, Mari | ||
| 856 | _uhttps://library.oapen.org/bitstream/20.500.12657/23203/1/9781138564275_text.pdf | ||
| 942 | _cEB | ||
| 999 |
_c23416 _d23416 |
||